000 00658nam a2200241Ia 4500
003 LK-CoDNM
005 20241002093228.0
008 010623t1931 xxu||||| |||| 00| 1 eng d
040 _aLK-CoDNM
_dLK-CoDNM
_eLK-CoDNM
041 _aeng
080 _a24
_bT33
245 _aThe European Association of Ceylon - Volume III
250 _aQuarterly Bulletin
260 _bApothecaries Co. Ltd
_aColombo
_c1931
300 _b119p. : ill , map ; 27 cm
500 _aNewspaper
650 _aLottery
650 _aThe European Association of Ceylon - Volume III
650 _aQuarterly Bulletin
650 _aNewspaper
650 _a24 T33
942 _cBK
999 _c95735
_d95735